00273 a2200109 4500001000700000020000600007040001100013100003300024240005100057245004600108362000900154175854 a  cMagnum aLima, Maria de Jesus Fortuna10aA incrivel estoria de amor de mimo e dedelpor10aA incrivel estoria de amor de mimo e dede0 a1899